<?xml version="1.0" encoding="UTF-8"?><OAI-PMH xmlns="http://www.openarchives.org/OAI/2.0/" xmlns:xsi="http://www.w3.org/2001/XMLSchema-instance"     xsi:schemaLocation="http://www.openarchives.org/OAI/2.0/ http://www.openarchives.org/OAI/2.0/OAI-PMH.xsd"><responseDate>2026-05-16T11:52:12Z</responseDate><request verb="GetRecord" identifier="oai:regmurcia.com:fintegr.1329" metadataPrefix="marc21">http://oai.regmurcia.com/oai2/oai2.php</request><GetRecord><record><header><identifier>oai:regmurcia.com:fintegr.1329</identifier><datestamp>2026-05-16</datestamp><setSpec>documentos</setSpec></header><metadata><record  xmlns="http://www.loc.gov/MARC21/slim" xmlns:xsi="http://www.w3.org/2001/XMLSchema-instance" xsi:schemaLocation="http://www.loc.gov/MARC21/slim http://www.loc.gov/standards/marcxml/schema/MARC21slim.xsd" type="Bibliographic"><leader>00000nam a2200000   4500</leader><controlfield tag="001" >005073774</controlfield><controlfield tag="003" >1329</controlfield><controlfield tag="004" >A00000000</controlfield><datafield tag="245" ind1=" " ind2=" "><subfield code="a">Expediente del proceso contra Miguel Ponce, acusado de atacar con una espada a Juan Yáñez.</subfield></datafield><datafield tag="300" ind1=" " ind2=" "><subfield code="c">308 x 222 mm.,</subfield></datafield><datafield tag="300" ind1=" " ind2=" "><subfield code="a">, 2 fol.</subfield></datafield><datafield tag="351" ind1=" " ind2=" "><subfield code="a">Unidad Documental</subfield><subfield code="c">Archivo de Murcia. Array</subfield><subfield code="a">Unidad Documental</subfield><subfield code="c">Archivo de Murcia. Array</subfield></datafield><datafield tag="351" ind1=" " ind2=" "><subfield code="b">Nº 3</subfield></datafield><datafield tag="506" ind1=" " ind2=" "><subfield code="a">Acceso restringido</subfield></datafield><datafield tag="520" ind1=" " ind2=" "><subfield code="a">Expediente del proceso contra Miguel Ponce, acusado de atacar con una espada a Juan Yáñez, llevado a cabo por el alcalde Martín de Gante. El documento contiene:&lt;/br&gt;- Declaración de los testigos Alfonso Hurtado y Pedro Guerau, que manifiestan que vieron en la calle a Miguel Ponce persiguiendo y atacando con una espada a Juan Yáñez. El alcalde acude a la Iglesia de San Pedro, donde se encuentra refugiado Miguel Ponce, y le ordena que se presente ante él en el plazo de varios días (1501-7-12. Murcia). Fol. 1r&lt;/br&gt;- Miguel Ponce no se presenta ante el alcalde, por lo cual éste lo acusa de rebeldía. (1501-7-20. Murcia). Fol. 1v&lt;/br&gt;- El alcalde vuelve a acusarlo de rebeldía. (1501-7-21. Murcia). Fol. 1v&lt;/br&gt;- Juan Yáñez, al ser preguntado por el alcalde si desea querellarse, responde que no. (1502-7-25. Murcia). Fol. 1v&lt;/br&gt;- Alfonso de la Peña, alguacil, manifiesta haber apresado a Miguel Ponce. (1502-1-26. Murcia). Fol. 1v&lt;/br&gt;- Comparecencia de Miguel Ponce ante el alcalde. (1502-1-29. Murcia). Fol. 1v&lt;/br&gt;- Prosigue el juicio contra Miguel Ponce, acusado por el fiscal Álvaro de Solís de haber atacado a Juan Yáñez. (1502-1-31. Murcia). Fol. 1v&lt;/br&gt;- Miguel Ponce niega en un primer momento esta acusación. (1502-2-4. Murcia). Fol. 2r&lt;/br&gt;- Álvaro de Solís prueba la acusación contra Miguel Ponce, y éste finalmente confiesa. (1502-2-21. Murcia). Fol. 2r&lt;/br&gt;- Sentencia del alcalde Martín de Gante. Condena a Miguel Ponce a destierro de la ciudad durante dos meses. (1502-2-22. Murcia). Fol. 2v</subfield></datafield><datafield tag="583" ind1=" " ind2=" "><subfield code="u">http://www.regmurcia.com/servlet/s.Sl?METHOD=VERDOCUMENTO&amp;sit=serv,Carmesi&amp;n=/01/1552/indice.djvu</subfield></datafield><datafield tag="592" ind1=" " ind2=" "><subfield code="a">1501-07-12/1502-02-22</subfield></datafield><datafield tag="592" ind1=" " ind2=" "><subfield code="d">1502-02-22 00:00:00</subfield></datafield><datafield tag="651" ind1=" " ind2=" "><subfield code="a">Murcia</subfield></datafield><datafield tag="786" ind1=" " ind2=" "><subfield code="o">http://www.regmurcia.com/servlet/s.Sl?METHOD=VERDOCUMENTO&amp;sit=serv,Carmesi&amp;n=/01/1552/indice.djvu</subfield></datafield><datafield tag="856" ind1=" " ind2=" "><subfield code="u">http://www.regmurcia.com/servlet/s.Sl?METHOD=DETALLE&amp;sit=c,373,m,139,serv,Carmesi&amp;id=1329</subfield></datafield></record></metadata></record></GetRecord></OAI-PMH>
